Guess the Formula 1 teams by their logos - Statistics

General Stats
  • This quiz has been taken 54 times
  • The average score is 8 of 10
Answer Stats
Picture Answer % Correct
Red bull
100%
Aston Martin
98%
Ferrari
86%
Mercedes
86%
Mclaren
84%
Williams
74%
Haas
72%
Alpine
70%
Racing bulls
47%
Stake
40%
No matching quizzes found
Score Distribution
Percent of People with Each Score
Percentile by Number Answered
Your Score History
You have not taken this quiz